00482cam a22001457a 4500008004000000082001300040100001900053245008000072260002600152300000900178650003100187700001500218999001900233952008400252180718b1959 xxu||||| |||| 00| 0 eng d aD65 Si58 aSimpson, J. L. aInternational arbitration: law and practicecby J. L. Simpson and Hazel Fox aLondonbStevensc1959 a330p aArbitration, International aFox, Hazel c425861d425861 00104070aIIPAbIIPAd2009-10-15oD65 Si58p17200r2018-07-21w2018-07-21yBK